000 00393cam a2200169ua 4500
041 _aeng
_h
082 _a828.09
_bGAR/KE
100 _aGarrod, H W .
245 _aKeats /
_cH W Garrod.
_hTextual Documents
250 _a2 /
_b.
260 _aLondon :
_bOxford University Press ,
_c1962.
300 _a155 ; .
504 _a
942 _cBK
999 _c8593
_d8593